[Event "Mistrzostwa Malopolski B"]
[Site "Krakow, Hotel Europejski"]
[Date "2013.??.??"]
[Round "7.1"]
[White "Adamczyk, Pawel"]
[Black "Tracz, Marcelina"]
[Result "1/2-1/2"]
[WhiteElo "1645"]
[BlackElo "1711"]
[PlyCount "106"]
[EventDate "2013.??.??"]

1. e4 e5 2. Nf3 Nc6 3. Bc4 Bc5 4. O-O d6 5. c3 Nf6 6. d4 exd4 7. cxd4 Bb6 8.
Nc3 Bg4 9. Be3 O-O 10. Qd2 Ba5 11. Qc2 Qe7 12. Nd2 Rfe8 13. f3 Bd7 14. a3 Bb6
15. Qd3 a6 16. b4 Be6 17. Rfe1 Rad8 18. Bxe6 fxe6 19. d5 exd5 20. Bxb6 cxb6 21.
Nxd5 Nxd5 22. Qxd5+ Qe6 23. Qxe6+ Rxe6 24. Nc4 b5 25. Ne3 Ne5 26. Rac1 Rd7 27.
Red1 Kf7 28. Kf2 Ke8 29. Rc8+ Kf7 30. Rcc1 Ke8 31. Kg1 g6 32. Kf1 Kd8 33. Ke2
Rc7 34. Rxc7 Kxc7 35. Rc1+ Kd7 36. Rc2 Nc6 37. Rd2 Ne5 38. Kf2 Nc4 39. Rd3 Nxe3
40. Kxe3 Kc6 41. Rc3+ Kd7 42. Kd4 Re8 43. f4 Rf8 44. g3 Rf7 45. Ke3 Re7 46. Rd3
Kc6 47. Rd5 b6 48. Rd2 a5 49. Kd4 axb4 50. axb4 Ra7 51. Rc2+ Kd7 52. Kd5 Ra3
53. Kd4 Rb3 1/2-1/2

[Event "Mistrzostwa Malopolski B"]
[Site "Krakow, Hotel Europejski"]
[Date "2013.??.??"]
[Round "7.2"]
[White "Luczka, Szymon"]
[Black "Krzeminski, Sebastian"]
[Result "0-1"]
[WhiteElo "1596"]
[BlackElo "1669"]
[PlyCount "150"]
[EventDate "2013.??.??"]

1. d4 d5 2. Nf3 Nf6 3. c4 c6 4. Nc3 e6 5. cxd5 exd5 6. Bg5 Bb4 7. Qc2 h6 8.
Bxf6 Qxf6 9. e3 O-O 10. Bd3 Re8 11. O-O Be6 12. Ne5 c5 13. Nf3 c4 14. Be2 Bf5
15. Qa4 Nc6 16. Nxd5 Qd6 17. Nxb4 Nxb4 18. Bxc4 a6 19. Ne5 Be6 20. Bxe6 Rxe6
21. a3 Nd5 22. Qd7 Qxd7 23. Nxd7 b6 24. Ne5 f6 25. Nd3 Kh7 26. Rfc1 Rae8 27.
Rc2 f5 28. Ne5 f4 29. e4 Nf6 30. f3 Rd6 31. Rac1 Rxd4 32. Nc6 Rd7 33. Kf2 a5
34. Ke2 Re6 35. Rd2 Rc7 36. Rdc2 Rd7 37. Nb8 Rb7 38. Rc8 Nd5 39. R1c6 Ree7 40.
Rd6 Ne3 41. Kf2 Rec7 42. Rxc7 Rxc7 43. Rxb6 Rc2+ 44. Ke1 Nxg2+ 45. Kd1 Rf2 46.
Rb3 Ne3+ 47. Ke1 Rxf3 48. Ke2 Rh3 49. e5 f3+ 50. Kxe3 f2+ 51. Kxf2 Rxb3 52. Nc6
Rxb2+ 53. Kg1 a4 54. e6 Re2 55. e7 Kg8 56. Kf1 Re6 57. Kg2 Kf7 58. Nd8+ Kxe7
59. Nxe6 Kxe6 60. Kf3 Kd5 61. Kg4 Kc4 62. Kh5 Kb3 63. Kg6 Kxa3 64. Kxg7 Kb4 65.
Kxh6 a3 66. h4 a2 67. h5 a1=Q 68. Kh7 Qa7+ 69. Kg8 Qb6 70. Kg7 Qc7+ 71. Kg6
Qd6+ 72. Kg7 Qe7+ 73. Kg6 Qf8 74. Kh7 Qf5+ 75. Kh6 Kc5 0-1

[Event "Mistrzostwa Malopolski B"]
[Site "Krakow, Hotel Europejski"]
[Date "2013.??.??"]
[Round "7.3"]
[White "Pitynski, Pawel"]
[Black "Bandyk, Sebastian"]
[Result "1/2-1/2"]
[WhiteElo "1659"]
[BlackElo "1582"]
[PlyCount "71"]
[EventDate "2013.??.??"]

1. e4 c5 2. f4 d5 3. e5 d4 4. Nf3 Nc6 5. Be2 e6 6. d3 Be7 7. Nbd2 Nh6 8. Ne4 b6
9. Nfd2 Na5 10. Nf3 Nf5 11. c3 Bb7 12. O-O Nc6 13. Bd2 O-O 14. Qc1 dxc3 15.
bxc3 c4 16. d4 Ncxd4 17. Nf6+ gxf6 18. Nxd4 Bc5 19. Be3 Nxd4 20. cxd4 Bxd4 21.
Rd1 Bxe3+ 22. Qxe3 Qe7 23. exf6 Qxf6 24. Bxc4 Rfd8 25. Be2 Qg6 26. Qh3 Rac8 27.
Bf3 Bxf3 28. Qxf3 Rxd1+ 29. Rxd1 Qc2 30. a3 Rc3 31. Rd8+ Kg7 32. Qg4+ Qg6 33.
Qe2 Rc2 34. Qf3 Rc1+ 35. Kf2 Rc2+ 36. Kg1 1/2-1/2

[Event "Mistrzostwa Malopolski B"]
[Site "Krakow, Hotel Europejski"]
[Date "2013.??.??"]
[Round "7.4"]
[White "Drop, Szymon"]
[Black "Kuciel, Piotr"]
[Result "1-0"]
[WhiteElo "1789"]
[BlackElo "1659"]
[PlyCount "73"]
[EventDate "2013.??.??"]

1. e4 e5 2. Nf3 Nc6 3. Bc4 Bc5 4. d3 h6 5. O-O d6 6. c3 g5 7. Be3 g4 8. Nfd2
Qh4 9. Qb3 Rh7 10. Bxc5 dxc5 11. Qb5 Rg7 12. Qxc5 Rg5 13. Re1 Rh5 14. Nf1 Nf6
15. Na3 a6 16. Nc2 Ne7 17. Qxc7 Be6 18. Qxb7 Rd8 19. Bxe6 fxe6 20. Qxa6 Kf7 21.
a4 Rf8 22. Qb7 Rg8 23. Nce3 Rhg5 24. Ng3 Nh5 25. a5 Nf4 26. a6 R5g7 27. a7 Kf6
28. a8=Q Neg6 29. Qxg7+ Rxg7 30. Qd8+ Re7 31. Ra7 Nh3+ 32. gxh3 Qxh3 33. Rxe7
Nh4 34. Qf8+ Kg5 35. Rg7+ Ng6 36. Qe7+ Kf4 37. Qf6# 1-0

[Event "Mistrzostwa Malopolski B"]
[Site "Krakow, Hotel Europejski"]
[Date "2013.??.??"]
[Round "7.5"]
[White "Leczek, Weronika"]
[Black "Kowalewski, Wladyslaw"]
[Result "0-1"]
[WhiteElo "1594"]
[BlackElo "1732"]
[PlyCount "71"]
[EventDate "2013.??.??"]

1. e4 d5 2. exd5 Nf6 3. Nc3 Nxd5 4. Nxd5 Qxd5 5. Nf3 Bg4 6. Be2 Nc6 7. O-O e5
8. d3 Bc5 9. Nd2 Bxe2 10. Qxe2 f5 11. Nc4 O-O 12. Be3 Rae8 13. Bxc5 Qxc5 14.
Qe3 Qd5 15. Rfe1 e4 16. Qd2 f4 17. Qc3 Nd4 18. dxe4 Rxe4 19. Rxe4 Qxe4 20. Qd3
Re8 21. Qxe4 Rxe4 22. c3 Nf3+ 23. gxf3 Rxc4 24. Rd1 g5 25. Rd7 h6 26. Kg2 b5
27. Kh3 a5 28. Kg4 b4 29. Rd4 bxc3 30. bxc3 Rxc3 31. Ra4 Rc5 32. Kh5 Kg7 33.
Rd4 Rc2 34. a4 Rxf2 35. Rd7+ Kf6 36. Kg4 0-1

[Event "Mistrzostwa Malopolski B"]
[Site "Krakow, Hotel Europejski"]
[Date "2013.??.??"]
[Round "8.1"]
[White "Bandyk, Sebastian"]
[Black "Adamczyk, Pawel"]
[Result "0-1"]
[WhiteElo "1582"]
[BlackElo "1645"]
[PlyCount "76"]
[EventDate "2013.??.??"]

1. e4 e5 2. Nf3 Nf6 3. Nxe5 d6 4. Nf3 Nxe4 5. Nc3 Nxc3 6. dxc3 Be7 7. Be3 Nd7
8. Qd2 O-O 9. O-O-O c6 10. h3 a5 11. h4 Re8 12. Bd3 d5 13. Ng5 Nf8 14. h5 Bf6
15. Nf3 Bg4 16. Rde1 Bxf3 17. gxf3 h6 18. f4 Ne6 19. a3 a4 20. Reg1 Qa5 21. Kb1
Rac8 22. Bf5 d4 23. Bxe6 dxe3 24. Bxf7+ Kxf7 25. fxe3 Rcd8 26. Qf2 Re7 27. Rg6
Bxc3 28. bxc3 Qxc3 29. Rhg1 Kf8 30. R6g2 Red7 31. Qe1 Qxa3 32. Qc1 Qb4+ 33. Qb2
Rd1+ 34. Rxd1 Rxd1+ 35. Ka2 Qc4+ 36. Ka3 Qc5+ 37. Ka2 Qd5+ 38. Ka3 Qxg2 0-1

[Event "Mistrzostwa Malopolski B"]
[Site "Krakow, Hotel Europejski"]
[Date "2013.??.??"]
[Round "8.2"]
[White "Tracz, Marcelina"]
[Black "Drop, Szymon"]
[Result "0-1"]
[WhiteElo "1711"]
[BlackElo "1789"]
[PlyCount "104"]
[EventDate "2013.??.??"]

1. e4 c5 2. Nf3 e6 3. d4 cxd4 4. Nxd4 Nc6 5. Be3 Qc7 6. Bd3 a6 7. O-O Nf6 8. h3
Ne5 9. Qe2 Bc5 10. Nd2 O-O 11. c4 b6 12. Rad1 Bb7 13. Bb1 Ng6 14. N4b3 d6 15.
f3 Nh5 16. Qf2 e5 17. Rfe1 Nhf4 18. Nf1 Rfd8 19. Nc1 Bc8 20. Kh2 Be6 21. b3 Qe7
22. Nd3 Nxd3 23. Bxd3 Nf4 24. Qg3 Bb4 25. Bxf4 exf4 26. Qxf4 Bxe1 27. Rxe1 b5
28. Rc1 bxc4 29. Bxc4 Bxc4 30. Rxc4 a5 31. Ne3 a4 32. Nd5 Qe5 33. Qxe5 dxe5 34.
Nb6 Ra6 35. Nxa4 h6 36. Rc2 Rda8 37. Kg3 g6 38. Kg4 Kg7 39. h4 h5+ 40. Kg3 f5
41. Kf2 fxe4 42. fxe4 Kh6 43. g3 g5 44. Rc5 gxh4 45. gxh4 Rf8+ 46. Ke3 Rf4 47.
Rxe5 Rxh4 48. Nc3 Rg4 49. b4 h4 50. b5 Rd6 51. Rf5 Rg3+ 52. Kf4 Rxc3 0-1

[Event "Mistrzostwa Malopolski B"]
[Site "Krakow, Hotel Europejski"]
[Date "2013.??.??"]
[Round "8.3"]
[White "Krzeminski, Sebastian"]
[Black "Pitynski, Pawel"]
[Result "0-1"]
[WhiteElo "1669"]
[BlackElo "1659"]
[PlyCount "76"]
[EventDate "2013.??.??"]

1. d4 d5 2. c4 c5 3. cxd5 Qxd5 4. Nc3 Qxd4 5. Qxd4 cxd4 6. Nb5 Na6 7. Nxd4 e5
8. Nc2 Bb4+ 9. Bd2 Bxd2+ 10. Kxd2 Bf5 11. Ne3 Be6 12. g3 f5 13. Nf3 e4 14. Ng5
Rd8+ 15. Ke1 Bc8 16. Rc1 h6 17. Nh3 g5 18. Nc4 Ne7 19. e3 Be6 20. Ne5 Bxa2 21.
Bb5+ Kf8 22. Ke2 Rd5 23. Bxa6 Rxe5 24. Bc4 Bxc4+ 25. Rxc4 Nc6 26. Rd1 Ke7 27.
Ng1 g4 28. Ke1 Rb5 29. Ne2 Rd8 30. Rb1 Ne5 31. Rc7+ Rd7 32. Rxd7+ Kxd7 33. Nd4
Nf3+ 34. Nxf3 gxf3 35. Kd2 Rd5+ 36. Kc2 Rc5+ 37. Kd2 a5 38. Ra1 b6 0-1

[Event "Mistrzostwa Malopolski B"]
[Site "Krakow, Hotel Europejski"]
[Date "2013.??.??"]
[Round "8.4"]
[White "Kowalewski, Wladyslaw"]
[Black "Luczka, Szymon"]
[Result "0-1"]
[WhiteElo "1732"]
[BlackElo "1596"]
[PlyCount "92"]
[EventDate "2013.??.??"]

1. f4 Nf6 2. Nf3 d5 3. d4 Bf5 4. e3 e6 5. Nbd2 Bb4 6. c3 Bd6 7. Be2 O-O 8. Nh4
Be4 9. Nhf3 Nbd7 10. Ne5 Bxg2 11. Rg1 Be4 12. Bf3 c5 13. Bxe4 Nxe4 14. Nxe4
Bxe5 15. dxe5 dxe4 16. Qc2 Qh4+ 17. Rg3 c4 18. Qg2 Nc5 19. Kf1 g6 20. Bd2 Qd8
21. Be1 Qd3+ 22. Kg1 Kg7 23. h4 h5 24. Bf2 Qc2 25. f5 exf5 26. Rg5 Kh7 27. b4
Nd3 28. Rf1 Nxe5 29. Kh1 Ng4 30. Qg3 Qd3 31. Rg1 Rad8 32. Qf4 Rd6 33. R5xg4
fxg4 34. Qg5 Qd5 35. Qf6 Qf5 36. Qxf5 gxf5 37. Bg3 Rd3 38. Be5 Rxe3 39. Bd4 Rd3
40. a4 Rd8 41. Rb1 e3 42. Kg2 f4 43. a5 f3+ 44. Kg3 e2 45. Bf2 Rd1 46. Rb2 R8d2
0-1

[Event "Mistrzostwa Malopolski B"]
[Site "Krakow, Hotel Europejski"]
[Date "2013.??.??"]
[Round "8.5"]
[White "Razny, Pawel"]
[Black "Blaszczak, Jerzy"]
[Result "1/2-1/2"]
[WhiteElo "1584"]
[BlackElo "1648"]
[PlyCount "88"]
[EventDate "2013.??.??"]

1. Nf3 Nc6 2. g3 e5 3. d3 Nf6 4. Bg2 Be7 5. O-O O-O 6. c4 d6 7. Nc3 Bg4 8. h3
Bh5 9. a3 Nd7 10. Nd5 f5 11. b4 Bf6 12. Bb2 Ne7 13. Nxf6+ Nxf6 14. Ng5 Qc8 15.
Re1 h6 16. Nf3 Bg6 17. Nd2 Nh5 18. e4 f4 19. g4 Nf6 20. f3 c5 21. Qb3 b6 22. b5
Qc7 23. a4 a5 24. bxa6 Rxa6 25. Bc3 Rfa8 26. Ra2 Nc6 27. Rea1 Be8 28. Ra3 Na5
29. Bxa5 Rxa5 30. Nb1 Nd7 31. Nc3 Nb8 32. Nd5 Qb7 33. Qxb6 Qxb6 34. Nxb6 R8a6
35. Nd5 Rxa4 36. Rxa4 Rxa4 37. Rxa4 Bxa4 38. Nb6 Bc2 39. Bf1 Kf7 40. Kf2 Ke6
41. Ke1 Nd7 42. Nxd7 Kxd7 43. h4 g6 44. g5 h5 1/2-1/2

[Event "Mistrzostwa Malopolski B"]
[Site "Krakow, Hotel Europejski"]
[Date "2013.??.??"]
[Round "9.1"]
[White "Drop, Szymon"]
[Black "Adamczyk, Pawel"]
[Result "1-0"]
[WhiteElo "1789"]
[BlackElo "1645"]
[PlyCount "61"]
[EventDate "2013.??.??"]

1. e4 c5 2. Nf3 e6 3. d4 cxd4 4. Nxd4 Nc6 5. Be3 Nf6 6. Nc3 Bb4 7. Nxc6 bxc6 8.
Bd3 d5 9. exd5 cxd5 10. O-O O-O 11. Bd4 Re8 12. Be5 Bd6 13. Qe2 a6 14. Bxf6
Qxf6 15. Nxd5 Qh6 16. g3 Bb7 17. Nb6 Qh3 18. Be4 Bxe4 19. Qxe4 Rab8 20. Nc4 Be7
21. a3 Rb5 22. b4 Rc8 23. Ne3 a5 24. Rab1 Rh5 25. Qh1 axb4 26. axb4 Bg5 27. b5
Bxe3 28. fxe3 h6 29. b6 Rxc2 30. Qa8+ Kh7 31. Qe4+ 1-0

[Event "Mistrzostwa Malopolski B"]
[Site "Krakow, Hotel Europejski"]
[Date "2013.??.??"]
[Round "9.2"]
[White "Pitynski, Pawel"]
[Black "Tracz, Marcelina"]
[Result "1-0"]
[WhiteElo "1659"]
[BlackElo "1711"]
[PlyCount "63"]
[EventDate "2013.??.??"]

1. e4 e5 2. f4 d5 3. exd5 exf4 4. Nf3 Nf6 5. c4 Bg4 6. Be2 c6 7. d4 cxd5 8.
Bxf4 Bd6 9. Bg5 Nbd7 10. c5 Be7 11. Nc3 Be6 12. O-O Ne4 13. Bd2 O-O 14. b4 Bf6
15. Bd3 Ng5 16. Be3 Re8 17. Qd2 h6 18. Bc2 a5 19. b5 Nxf3+ 20. Rxf3 Nxc5 21.
Rxf6 Qxf6 22. dxc5 Bd7 23. Bd4 Qh4 24. a4 Qg4 25. Rf1 Re7 26. Bd1 Qe6 27. Bf2
Qg6 28. Nxd5 Re5 29. Bf3 Rf5 30. Ne3 Qe6 31. Bxb7 Rb8 32. c6 1-0

[Event "Mistrzostwa Malopolski B"]
[Site "Krakow, Hotel Europejski"]
[Date "2013.??.??"]
[Round "9.3"]
[White "Kowalewski, Wladyslaw"]
[Black "Krzeminski, Sebastian"]
[Result "0-1"]
[WhiteElo "1732"]
[BlackElo "1669"]
[PlyCount "76"]
[EventDate "2013.??.??"]

1. e4 c6 2. d4 d5 3. Nc3 dxe4 4. Nxe4 Bf5 5. Bd3 e6 6. Nf3 Nd7 7. O-O Qc7 8. c4
Rd8 9. Bg5 Be7 10. c5 Bxe4 11. Bxe4 Nxc5 12. Bc2 Nf6 13. Qe2 Ncd7 14. Rad1 Nd5
15. Be3 Bd6 16. g3 N7f6 17. Ng5 h6 18. Ne4 Be7 19. a3 Qb6 20. Nc3 Qxb2 21. Nxd5
Nxd5 22. Rd3 Qb6 23. Rb3 Qc7 24. Rfb1 b6 25. Be4 Qd7 26. Qf3 Bf6 27. Rc1 Bg5
28. h4 Bxe3 29. fxe3 O-O 30. Bb1 Rc8 31. e4 Ne7 32. Rd3 f5 33. Ba2 Kh8 34. e5
Nd5 35. Rf1 Qf7 36. g4 Qg6 37. g5 hxg5 38. Kg2 g4 0-1

[Event "Mistrzostwa Malopolski B"]
[Site "Krakow, Hotel Europejski"]
[Date "2013.??.??"]
[Round "9.4"]
[White "Luczka, Szymon"]
[Black "Kuciel, Piotr"]
[Result "1-0"]
[WhiteElo "1596"]
[BlackElo "1659"]
[PlyCount "133"]
[EventDate "2013.??.??"]

1. d4 d5 2. Nf3 c6 3. c4 e6 4. cxd5 exd5 5. Nc3 Nf6 6. Bg5 Be7 7. e3 Nbd7 8.
Bd3 Nh5 9. Bxe7 Qxe7 10. Qc2 Nf4 11. O-O-O Nxd3+ 12. Qxd3 Nf6 13. Ne5 Ng4 14.
Nxg4 Bxg4 15. f3 Bh5 16. e4 Bg6 17. Qe2 Qg5+ 18. Qd2 Qd8 19. exd5 cxd5 20.
Rhe1+ Kf8 21. Qe3 Rc8 22. Rd2 h6 23. Rde2 Kg8 24. Qe8+ Kh7 25. Qxd8 Rhxd8 26.
Kd1 Rc4 27. Rd2 Rd7 28. Re5 f6 29. Rxd5 Rxd5 30. Nxd5 Bf7 31. Nc3 Be6 32. d5
Bd7 33. Ke2 Kg6 34. Kd3 Rc7 35. b3 Kf7 36. Re2 b5 37. d6 Rb7 38. Re7+ Kf8 39.
Kd4 b4 40. Ne4 Bc8 41. Rxb7 Bxb7 42. Kc5 Ke8 43. Kxb4 f5 44. Nc5 Bc6 45. Nd3 g5
46. Kc5 Bb7 47. b4 h5 48. Ne5 g4 49. fxg4 fxg4 50. g3 Kd8 51. a4 Kc8 52. b5 Kb8
53. Nc6+ Kc8 54. Nxa7+ Kd7 55. Nc6 Bc8 56. a5 Ke6 57. a6 Kf5 58. Ne7+ Ke4 59.
Nxc8 Kf3 60. d7 Kg2 61. d8=Q Kxh2 62. Qh4+ Kg2 63. a7 Kg1 64. a8=R Kg2 65. Ra3
Kg1 66. Ra2 Kf1 67. Qh1# 1-0

[Event "Mistrzostwa Malopolski B"]
[Site "Krakow, Hotel Europejski"]
[Date "2013.??.??"]
[Round "9.5"]
[White "Razny, Pawel"]
[Black "Kolodziej, Krzysztof"]
[Result "0-1"]
[WhiteElo "1584"]
[BlackElo "1653"]
[PlyCount "56"]
[EventDate "2013.??.??"]

1. e4 d6 2. d4 g6 3. Be3 Nf6 4. Nc3 Bg7 5. Qd2 Ng4 6. Bg5 h6 7. Bh4 g5 8. Bg3
e5 9. d5 Nd7 10. f3 Ngf6 11. O-O-O Nh5 12. Bf2 Nf4 13. Nge2 Qe7 14. Nxf4 exf4
15. Bd4 Ne5 16. Be2 f5 17. g3 fxe4 18. Nxe4 O-O 19. gxf4 Rxf4 20. Rdf1 Bh3 21.
Rf2 Raf8 22. Qc3 Bf5 23. Ng3 Bg6 24. Re1 Rxd4 25. Qxd4 Nxf3 26. Qb4 Qe3+ 27.
Kb1 Qxf2 28. Bxf3 Rxf3 0-1